[Event "FIDE World Cup"]
[Site "Tbilisi"]
[Date "2017.09.21"]
[Round "6.5"]
[White "So, Wesley"]
[Black "Ding, Liren"]
[Result "0-1"]
[WhiteElo "2792"]
[BlackElo "2771"]
[Annotator "Sagar Shah"]
[PlyCount "138"]
[EventDate "2017.09.03"]
[EventType "k.o."]
[EventRounds "7"]
[EventCountry "GEO"]
[SourceTitle "CBM 181"]
[Source "ChessBase"]
[SourceDate "2017.11.10"]
[SourceVersion "1"]
[SourceVersionDate "2017.11.10"]
[SourceQuality "1"]
[TimeControl "600+10"]

1. Nf3 {[%emt 0:00:00]} d5 {[%emt 0:00:02]} 2. g3 {[%emt 0:00:00]} g6 {[%emt 0:
00:01]} 3. Bg2 {[%emt 0:00:00]} Bg7 {[%emt 0:00:00]} 4. d4 {[%emt 0:00:00]} Nf6
{[%emt 0:00:02]} 5. c4 {[%emt 0:00:00]} c6 {[%emt 0:00:01]} 6. O-O {[%emt 0:00:
00]} O-O {[%emt 0:00:03]} 7. Nbd2 {[%emt 0:00:04]} a5 {[%emt 0:00:06]} 8. b3 {
[%emt 0:00:06]} a4 {[%emt 0:00:03]} 9. Bb2 {[%emt 0:00:04]} Bf5 {[%emt 0:00:07]
} 10. e3 {[%emt 0:00:26]} Nbd7 {[%emt 0:00:06]} 11. Qe2 {[%emt 0:00:03]} Ne4 {
[%emt 0:00:40]} 12. Nxe4 {[%emt 0:01:16]} Bxe4 {[%emt 0:00:03]} 13. cxd5 {
[%emt 0:00:15]} cxd5 {[%emt 0:00:10]} 14. Qb5 {[%emt 0:00:04] This position
has been reached four times before and has been played by strong players like
Berkes and Nikolic.} Ra5 {[%emt 0:01:22]} 15. Qxb7 {[%emt 0:02:46]} Nc5 {
[%emt 0:00:02]} 16. Qb4 {[%emt 0:00:59]} (16. dxc5 $1 Bxb2 17. b4 $1 Ra8 (17...
Bxa1 18. bxa5 $18) 18. Nd4 $14) 16... Nd3 {[%emt 0:00:03]} 17. Qd2 {[%emt 0:00:
01]} Rb5 $6 {[%emt 0:00:26]} (17... axb3 $1 18. axb3 Rb5 $11 {Ding Liren said
he saw this but didn't like that White could defend b3 with Ra3.}) 18. Bc3 $1 {
[%emt 0:00:57]} axb3 {[%emt 0:00:06]} 19. Ng5 $1 {[%emt 0:00:24] This was
missed by Ding Liren.} b2 {[%emt 0:01:52]} (19... Bxg2 20. Kxg2 $18) 20. Rab1 {
[%emt 0:00:11] At this point it seemed as White is just winning as the knight
on d3 is trapped. But Ding Liren finds the best practical try.} Nxf2 $1 {
[%emt 0:00:09]} 21. Qxf2 {[%emt 0:01:37]} Bxb1 {[%emt 0:00:02]} 22. Rxb1 {
[%emt 0:00:00]} e5 {[%emt 0:00:03]} 23. Nh3 $6 {[%emt 0:01:43] This is passive.
Wesley played this and offered a draw. Ding Liren thought for a bit, saw that
he has easy moves to make and more time on the clock and hence went ahead and
declined the draw offer.} (23. Nf3 $14) 23... exd4 {[%emt 0:00:18]} 24. exd4 {
[%emt 0:00:20]} (24. Bxd4 Bxd4 25. exd4 Qc7 $17) 24... Qc7 {[%emt 0:00:03]} 25.
Qd2 {[%emt 0:00:06]} Rfb8 {[%emt 0:01:53]} 26. Nf4 {[%emt 0:00:18]} Qc4 {
[%emt 0:00:47]} 27. Bxd5 {[%emt 0:00:22] Finally the pressure became too much
for Wesley to handle and he sacrifices two pieces for a rook.} Rxd5 {[%emt 0:
00:01]} 28. Nxd5 {[%emt 0:00:00]} Qxd5 {[%emt 0:00:05]} 29. Rxb2 {[%emt 0:00:
02]} Rc8 {[%emt 0:00:03] Threatening Rxc3.} 30. Rb3 {[%emt 0:00:25]} h5 {
[%emt 0:00:05] Even though Black is a pawn down, he is in a completely
dominating position.} 31. Bb2 {[%emt 0:00:55]} Kh7 {[%emt 0:00:10]} 32. h3 {
[%emt 0:00:22]} Qe4 {[%emt 0:00:18]} 33. Qd3 $2 {[%emt 0:00:10]} Qe1+ $6 {
[%emt 0:00:14]} (33... Bxd4+ $1 34. Bxd4 (34. Qxd4 Rc1+ 35. Kf2 Rc2+ $19) 34...
Rc1+ 35. Kf2 Rc2+ 36. Qxc2 Qxc2+ $19) 34. Qf1 {[%emt 0:00:03]} Qd2 {[%emt 0:00:
40]} 35. Qf2 {[%emt 0:00:47]} Qd1+ {[%emt 0:00:11]} 36. Qf1 {[%emt 0:00:01]}
Bxd4+ {[%emt 0:00:06]} 37. Bxd4 {[%emt 0:00:01]} Qxd4+ {[%emt 0:00:02] Black
has won back the pawn and the white king is pretty weak. Ding Liren doesn't
miss this opportunity.} 38. Kh1 {[%emt 0:00:01]} Qd5+ {[%emt 0:00:09]} 39. Rf3
{[%emt 0:01:11]} (39. Qg2 $1 {Wesley was not in the best defensive mood. This
would have been a stauncher defence.} Rc1+ 40. Kh2 $17) 39... Rc3 {[%emt 0:00:
03]} 40. Kg2 {[%emt 0:00:00]} Qc6 {[%emt 0:00:13]} 41. h4 {[%emt 0:00:30]} Kg8
{[%emt 0:00:21]} (41... Rc2+ 42. Kg1 Rc1 $19 {would have won the queen, but
gives up the f7-pawn. So Black tries to win the queen when he can somehow
retain all his pawns.}) 42. a4 {[%emt 0:00:12]} f6 {[%emt 0:01:30]} 43. a5 {
[%emt 0:00:15]} Kg7 {[%emt 0:00:07]} 44. a6 {[%emt 0:00:02]} Rc2+ {[%emt 0:00:
02]} 45. Kg1 {[%emt 0:00:02]} (45. Kh3 Qe6+ $19) 45... Rc1 {[%emt 0:01:26]} 46.
Rxf6 {[%emt 0:00:02]} Rxf1+ {[%emt 0:00:05]} 47. Rxf1 {[%emt 0:00:01]} Qxa6 {
[%emt 0:00:01]} 48. Kg2 {[%emt 0:00:12]} (48. Rf4 {was better. But even this
should not hold.}) 48... Qe2+ {[%emt 0:00:02]} 49. Rf2 {[%emt 0:00:02]} Qe4+ {
[%emt 0:00:01]} 50. Kh2 {[%emt 0:00:10]} g5 {[%emt 0:00:02]} 51. hxg5 {[%emt 0:
00:01]} h4 {[%emt 0:00:03]} 52. Rf4 {[%emt 0:00:18]} Qe2+ {[%emt 0:00:04]} 53.
Kh3 {[%emt 0:00:02]} hxg3 {[%emt 0:00:03]} 54. Kxg3 {[%emt 0:00:01]} Kg6 {
[%emt 0:00:05]} 55. Rf2 {[%emt 0:00:16]} Qe3+ {[%emt 0:00:04]} 56. Kg2 {
[%emt 0:00:01]} Kxg5 {[%emt 0:00:03] All the pawns have been removed from the
board. It's just queen verus rook. Ding Liren shows good techinque.} 57. Rf3 {
[%emt 0:00:03]} Qe2+ {[%emt 0:00:20]} 58. Kg3 {[%emt 0:00:07]} Qe1+ {[%emt 0:
00:04]} 59. Kg2 {[%emt 0:00:02]} Kg4 {[%emt 0:00:03]} 60. Rf2 {[%emt 0:00:12]}
Qe4+ {[%emt 0:00:02]} 61. Kh2 {[%emt 0:00:03]} Kh4 {[%emt 0:00:10]} 62. Ra2 {
[%emt 0:01:26]} Qe5+ {[%emt 0:00:09]} 63. Kg1 {[%emt 0:00:04]} Qd4+ {[%emt 0:
00:16]} 64. Kh2 {[%emt 0:00:10]} Qd6+ {[%emt 0:00:03]} 65. Kg1 {[%emt 0:00:02]}
Qc5+ {[%emt 0:00:23]} 66. Kh2 {[%emt 0:00:04]} Qc7+ {[%emt 0:00:00]} 67. Kg1 {
[%emt 0:00:03]} Qb6+ {[%emt 0:00:02]} 68. Kg2 {[%emt 0:00:17]} Qb7+ {[%emt 0:
00:04]} 69. Kh2 {[%emt 0:00:15]} Qb8+ {[%emt 0:00:01] This zigzg movement has
cost White the full rook.} 0-1

[Event "FIDE World Cup"]
[Site "Tbilisi"]
[Date "2017.09.24"]
[Round "7.2"]
[White "Ding, Liren"]
[Black "Aronian, Levon"]
[Result "1/2-1/2"]
[WhiteElo "2771"]
[BlackElo "2802"]
[Annotator "Sagar Shah"]
[PlyCount "149"]
[EventDate "2017.09.03"]
[EventType "k.o."]
[EventRounds "7"]
[EventCountry "GEO"]
[SourceTitle "CBM 181"]
[Source "ChessBase"]
[SourceDate "2017.11.10"]
[SourceVersion "1"]
[SourceVersionDate "2017.11.10"]
[SourceQuality "1"]

1. d4 {Ding Liren's first move comes as no surprise.} Nf6 2. c4 e6 3. g3 {
It's a question to me why Ding Liren begins with 3.g3. Is he afraid of Levon
Aronian's Queen's Indian? It's true Levon used to play it quite a bit until
2008, but since then he hasn't really tried it out.} d5 4. Bg2 Be7 5. Nf3 O-O
6. O-O {No b3-ideas this time around. Ding Liren sticks to the normal Catalan.}
dxc4 7. Qc2 a6 8. a4 (8. Qxc4 {There was a time when White players would go
for this move. But these days it is all about 8.a4.}) 8... Bd7 9. Qxc4 Bc6 10.
Bg5 {Ding Liren sticks to the move that gave him success against Wang Hao. But
Aronian's experience in this line is immense. He has played 20 games in this
position - 15 with White and 5 with Black.} a5 11. Nc3 Na6 12. e3 {This is
relatively rare. In fact only 13 games have been played with this move. Ding
Liren took nine minutes to play this. After the game he said that he wanted to
play 12.Rfd1 but was afraid of 12...Bd5. With 12.e3 he makes a square for his
queen on e2.} (12. Bxf6 Bxf6 13. e4 {is the main line.}) (12. Rfd1 Bd5 {
This is the move that Ding was afraid of} 13. Nxd5 exd5 14. Qb5 Nb4 $11) (12.
Rac1 {is also possible.}) 12... Nb4 13. Rfd1 Nd7 $146 {Although Levon took six
minutes to make his move, it's quite possible that he had prepared it. Earlier
Black players would go for the move ...h6 and then White would take on f6.
Levon feels that his knight is much more important than the bishop. And hence,
plays 13...Nd7.} (13... h6 14. Bxf6 Bxf6 15. Rac1 Bxf3 16. Bxf3 c6 {is a
normal position where White usually has a small edge.}) 14. Bxe7 Qxe7 15. e4
Rfd8 16. Rd2 $6 {Later Ding began to regret this move. Not only does he lose
co-ordination between his rooks, the piece is not ideally placed on d2.} (16.
Qe2 $5 Nb6 17. b3 Be8 18. Rac1 c5 19. Qe3 {is a much superior version to what
happened in the game.}) 16... Nb6 17. Qe2 Be8 $1 {If it were not for this move,
White would be clearly better. Black retreats his bishop and prepares the move
...c5.} 18. b3 c5 $1 {Levon had prepared the opening well and now breaks the
centre with ...c5. White has to be careful, not to land in a worse position.}
19. Qe3 Rac8 $5 {Black is all ready to play ...c4. His idea is to meet d5 with
...Qc5!} (19... c4 {was possible, but Ding had prepared} 20. d5 {This might be
enough to scare Black, but I think he is fine after} Qc7 $1 $15 21. dxe6 Rxd2
22. Qxd2 cxb3 $15) 20. Rc1 (20. Rad1 $6 c4 $1 21. d5 Qc5 $17) (20. dxc5 Rxd2
21. Qxd2 Rd8 $1 22. Qe2 Nd7 (22... Qxc5 $15) 23. c6 Nxc6 $15) 20... c4 21. d5
Qc5 $1 22. Qxc5 Rxc5 23. dxe6 Rxd2 (23... Rdc8 {was an interesting move.} 24.
Nb5 fxe6 $13) 24. Nxd2 fxe6 25. Bf1 cxb3 26. Nxb3 Rc7 27. Nxa5 Nxa4 28. Na2
Rxc1 29. Nxc1 Nc5 {It seemed as if the players were ready to call it a day.
Handshakes were expected, but Ding Liren's next move gives his opponent a
glimmer of hope to get a small advantage.} 30. Ncb3 $6 (30. f3 $11 {should
give White a fine position.}) 30... b6 $1 31. Nxc5 bxa5 {At this point Ding
put in a lot of thought. Out of nowhere he was suddenly in a position where he
might have to suffer. The a-pawn is very strong and he has to find accurate
ways to not let it queen.} 32. Bc4 (32. Nxe6 a4 33. Nd4 a3 34. Nb3 Bf7 35. Na1
Kf8 $15) 32... a4 33. Kf1 (33. Nxa4 Bxa4 34. Bxe6+ Kf8 35. f4 Ke7 36. Bc4 Bc6
37. e5) 33... a3 34. Nb3 (34. Ke2 a2 35. Nb3 Nc2 36. Kd2 Ba4 $1 37. Bxe6+ Kf8
38. Na1 $1 {The only move to keep the game going.} Nxa1 39. Bxa2 Nc2 $15 {
Black has decent chances to win this position.}) 34... Ba4 35. Nc1 (35. Na1 Nc2
36. Bxe6+ Kf8 37. Nxc2 Bxc2 38. Ba2 (38. f3 Bb1 $17) 38... Bxe4 $19 {The
bishop goes to f7 and it is all over.}) 35... Bc2 (35... Kf7 36. Ke2 Bc2 37. f3
Bb1 38. Kd2 a2 39. Nb3 $17) 36. Ke2 Bxe4 37. Bxe6+ Kf8 38. Kd2 Ke7 (38... Nd5
$5 {This move stops the white king from ever approaching the pawn on a3. This
was the best move, putting maximum pressure on White.}) 39. Bb3 Nd5 40. Ne2 Kd6
41. f3 Bb1 (41... Bxf3 42. Nd4 Bg4 43. Nb5+ Kc5 44. Nxa3 $11) 42. Kc1 (42. Nd4
a2 43. Bxa2 Bxa2 44. Nf5+ $19 {winning the g7-pawn. But the knight would be
precariously placed and Black wins the game with a few accurate moves.}) 42...
Bg6 43. Nd4 Nc7 44. Ne2 $2 {A key mistake by Ding.} (44. Bc2 $1 {would have
ensured the draw.} Kc5 (44... Bf7 45. Bxh7 $11) 45. Bxg6 hxg6 46. Nc2 Nb5 47.
Kb1 $11) 44... Kc5 (44... Nb5 $1 {was stronger.}) 45. Nf4 Bf5 46. g4 Bd7 47. g5
$6 (47. Nh5 g6 48. Nf6 Bc6 49. f4 $11) 47... Nb5 48. Bg8 Bf5 49. Nh5 g6 50. Ng3
(50. Nf6 Nd4 $19) 50... Bd3 51. Bxh7 Nd4 52. Ne4+ Kb4 53. Bg8 {The critical
position of the game. Aronian could have scored a win if instead of taking the
pawn on f3, he would have gone for ...Nb3+.} Nxf3 (53... Nb3+ 54. Bxb3 Kxb3 55.
Nd2+ {This looks like the only move.} (55. Nc5+ Kc3 56. Nxd3 (56. Na4+ Kb4 57.
Nb6 Kb3 $19) 56... a2 $1 $19) 55... Kb4 (55... Kc3 56. Nb1+ Kb4 57. Nxa3 Kxa3
58. Kd2 Bf5 (58... Bb1 59. Kc3 (59. Ke3 Kb3 60. Kf4 Kc4 61. Ke5 Kd3 62. Kf6 Ke3
63. h4 Kxf3 64. Kg7 Kg4 65. Kh6 Kxh4) 59... Bf5 60. h4) 59. h4 Kb3 60. Ke3 Kc4
61. Kf4 Bc2 62. Kg4 $11) 56. h4 $1 {The best try to trick Black.} (56. Ne4 Kc4
57. Nd2+ Kd4 $1 {The king comes over to the other side and takes all the white
pawns.} (57... Kc3 $4 58. Nb1+ $1 Kb3 (58... Bxb1 59. Kxb1 Kd3 60. Ka2 Ke3 61.
h4 Kxf3 62. h5 $18) 59. Nxa3 Kxa3 60. Kd2 Bb1 (60... Bf5 61. h4 Kb4 62. Ke3 Kc5
63. Kf4 Bb1 (63... Kd5 64. h5 $11) 64. Kg4 $11) 61. Kc3 $3 Ka4 62. h4 Kb5 63.
Kd4 Kc6 64. Ke5 Kd7 65. Kf6 Ke8 66. Kg7 Bf5 67. Kh6 $11) (57... Kd5 58. Nb1 $1
Bxb1 59. Kxb1 Ke5 60. Ka2 Kf4 61. h4) 58. h4 (58. h3 Ke3 59. h4 a2 60. Nb3 Bc4
(60... Kxf3 61. Kb2 Kg4 62. Nd4 Kxh4 63. Nf3+ Kg4 64. Ne5+) 61. Na1 Kxf3 62.
Kb2 Kg4 63. Nc2 Kxh4 64. Ne3 Be6 $19) (58. Nb3+ Kc3 59. Na1 a2) 58... Ke3 59.
Nb3 Bf5 $1 (59... Kxf3 60. Kd2 Bc4 (60... Bf5 61. Kc3 Kg4 62. Nd4 Kxh4 63. Nf3+
Kg4 64. Ne5+ $11) 61. Nd4+ (61. Na1 Kg4 62. Kc3 Bf7 63. Nc2 a2 64. Kb2 Kxh4 65.
Nd4 Kxg5 $19) 61... Kg4 62. Kc3 Bd5 (62... Bf7 63. Ne2 Kxh4 64. Nf4 $11) 63.
Nc2 a2 64. Kb2 Kxh4 65. Nb4 Be6 66. Nc6 Kxg5 67. Ne7 $11) (59... Bc4 60. Na1
Kxf3 61. Nc2 a2 62. Kb2 Kg3 63. Nb4 Kxh4 64. Nc6 Kxg5 65. Ne7 $11) 60. Nc5 (60.
Na5 Kxf3 (60... Kd4 61. Nb3+ Kc3) 61. Nc4 Kg4 62. Nxa3 Kxh4 63. Kd2) 60... Kxf3
$19) 56... Kc5 $1 (56... Kc3 {This would be a blunder as shown in the above
variation.}) 57. Ne4+ Kd4 58. h5 (58. Nd2 Ke3 {converts}) 58... gxh5 59. g6 h4
60. g7 Bc4 61. Nf6 Ke5 62. g8=Q Bxg8 63. Nxg8 Kf4 (63... h3 $4 64. Nh6 Kf4 65.
Ng4 Kxf3 66. Nh2+ Kg2 67. Ng4 $11) 64. Nh6 Kxf3 $19 {and wins}) 54. Nf6 Kc5 55.
h3 (55. Ba2 $17) 55... Kd4 {Levon tries to be too subtle. A simple win could
have been achieved with} (55... Nxg5 $1 56. h4 Ne4 57. Nxe4+ Bxe4 58. Bf7 Kd4
59. h5 g5 60. Be6 Bh7 $19) 56. Ba2 (56. h4 $5) 56... Nxg5 57. h4 Ne4 58. Nd7
Nc5 (58... Nc3 $1 59. Bf7 Ne2+ (59... a2 60. Kb2 $11) 60. Kd2 Ng1 61. Ne5 Be4
62. Ng4 Nf3+ 63. Kc1 Nxh4 $19) 59. Nf6 Ke5 $6 {The last mistake. Now the game
has entered the phase of 30 seconds per move and it is not easy to play such
an endgame with a high level of accuracy.} (59... Ne4 {Repeating with a chance
of improving was a better possibility.}) 60. Nd5 Bf5 61. Ne3 Nd3+ 62. Kc2 $1 {
White has managed to co-ordinate his forces and is able to make a draw from
here.} Nb4+ 63. Kb3 Nxa2 64. Kxa2 Ke4 65. Nc2 Kf4 66. Nd4 Kg4 67. Kxa3 Kxh4 68.
Kb2 Kg3 69. Kc3 Kf2 70. Kd2 Bg4 71. Nc2 g5 72. Ne3 Be2 73. Nd5 Bg4 74. Nf6 Bf5
75. Kd1 1/2-1/2